000 00743nas a2200253 4500
001 BR8800548
003 BR-BrBNA
005 20231205091024.0
007 ta
008 230509b bl.|||p| |||| 00| 00por d
040 _aBR-BrBNA
_bpor
_cBiblioteca Nacional de Agricultura
041 _a(Pt)
072 _aF30
100 1 _aPeters, J.A.
245 1 _aUtilizacao de biotecnologia no melhoramento de fruteiras
650 _aAMEIXA
650 _aMORANGO
650 _aPESSEGO
650 _aMELHORAMENTO GENETICO VEGETAL
650 _aCULTURA DE TECIDO
773 0 _tRevista Brasileira de Fruticultura (Brazil)
_xISSN 0100-2945
_g(1986), v. 8(3) p. 19-22
_wBR8800548
909 _a202311
_bLúcia
_c55
_dLúcia Elande
942 _2AGRIS
_n0
_cANA
999 _c122278
_d122278